Sediment:hosted gas hybrates:new insights on natural and synthetic systems (Record no. 19553)

MARC details
000 -LEADER
fixed length control field 01198nam a2200373Ia 4500
003 - CONTROL NUMBER IDENTIFIER
control field OSt
005 - DATE AND TIME OF LATEST TRANSACTION
control field 20220912144937.0
008 - FIXED-LENGTH DATA ELEMENTS--GENERAL INFORMATION
fixed length control field 220909b |||||||| |||| 00| 0 eng d
020 ## - INTERNATIONAL STANDARD BOOK NUMBER
International Standard Book Number 9781862392793 (hbd)
037 ## - SOURCE OF ACQUISITION
Terms of availability Textbook
040 ## - CATALOGING SOURCE
Original cataloging agency CSL
Language of cataloging eng
Transcribing agency CSL
041 ## - LANGUAGE CODE
Language code of text/sound track or separate title eng
100 ## - MAIN ENTRY--PERSONAL NAME
Personal name Long D Ed.
245 #0 - TITLE STATEMENT
Title Sediment:hosted gas hybrates:new insights on natural and synthetic systems
260 ## - PUBLICATION, DISTRIBUTION, ETC.
Place of publication, distribution, etc. London
Name of publisher, distributor, etc. Geological Society
Date of publication, distribution, etc. 2009
300 ## - PHYSICAL DESCRIPTION
Extent vi, 192p.
Dimensions cm.
490 ## - SERIES STATEMENT
Series statement Geological society special publication, 319
500 ## - GENERAL NOTE
General note Includes bibliographical references.; Index 185-192p.
650 ## - SUBJECT ADDED ENTRY--TOPICAL TERM
Topical term or geographic name entry element Climate factors
650 ## - SUBJECT ADDED ENTRY--TOPICAL TERM
Topical term or geographic name entry element Gas hydrates
650 ## - SUBJECT ADDED ENTRY--TOPICAL TERM
Topical term or geographic name entry element Hydrates-stability
650 ## - SUBJECT ADDED ENTRY--TOPICAL TERM
Topical term or geographic name entry element Natural gas-hydrates
650 ## - SUBJECT ADDED ENTRY--TOPICAL TERM
Topical term or geographic name entry element Geology
700 ## - ADDED ENTRY--PERSONAL NAME
Personal name Lovell M A Ed.
700 ## - ADDED ENTRY--PERSONAL NAME
Personal name Rees J G Ed.
700 ## - ADDED ENTRY--PERSONAL NAME
Personal name Rochelle C A Ed.
942 ## - ADDED ENTRY ELEMENTS (KOHA)
Classification part H119, P9 TH
Koha item type Textbook
Source of classification or shelving scheme Colon Classification (CC)
Holdings
Withdrawn status Lost status Damaged status Not for loan Home library Current library Date acquired Source of acquisition Total Checkouts Full call number Barcode Date last seen Price effective from Koha item type
        Central Science Library Central Science Library 2022-09-12 318, 26/02/2010, N R Book Distributors   H119 P9 TH SL1446757 2022-09-12 2022-09-12 Textbook
Copyright @ Delhi University Library System